01043nam a2200241 i 4500001001000000003000900010005001700019008004100036040003000077082001300107100004400120245021100164264004700375300002800422336002700450337003300477338002800510590002600538910000700564942001300571952020000584999001700784000029268DO-SdBNP20241021091849.0241021s1964 dr r 000 0 spa d aDO-SdBNPbspacBNPHUerda bD6112221 a Balaguer, Joaquín,d1906-200297655610aDiscurso :bpronunciado por el Dr. Joaquín Balaguer, Presidente del Partido Reformista en el ball-room del hotel riverside plaza del dia 10 de mayo de 1964, en la ciudad de New York /cJoaquín Balaguer. aSanto Domingo :bPartido Reformista,c1964 a20 páginas. ;c20 cm. ardacontentbtexto2txt ardamediabsin mediación2n ardacarrierbvolumen2nc aInventariado, 2024/DG aDG 2ddccLF2 00102ddc51708PD-FaBNPHUbBNPHUcCTd2024-10-21edonaciónl0oBNPHU F-PD D611p2024-6008r2024-10-21w2024-10-21yLF2zperteneció a la biblioteca personal de Juan Isidro Jimenes Grullón c57920d57920